| 000 | nam a22 7a 4500 | ||
|---|---|---|---|
| 999 |
_c16116 _d16116 |
||
| 008 | 161108b xxu||||| |||| 00| 0 eng d | ||
| 020 | _a9781256051381 | ||
| 050 | _aQA 7.2 .C65 2009 | ||
| 100 |
_aCustom Edition for Western Technical College _d2009 |
||
| 245 |
_aCollege Mathematics _cCustom Edition for Western Tecnical College |
||
| 250 | _a1st ed | ||
| 260 |
_aBoston _bPearson _c2009 |
||
| 300 |
_avi,917p; _bincludes bibliographical and references |
||
| 650 | _2Mathematics | ||
| 942 |
_2lcc _cBOOKS _hQA 7.2 .C65 2009 _k27785 |
||